00530nam a2200193Ii 450000100060000000300090000600800410001502000150005604000330007104100080010408200190011210000240013124500230015526400650017830000120024333600260025533700280028133800270030914118CO-ViMGA241108s9999||||xx |||||||||||||| ||und|| a9589041671 aCO-ViMGAbspaerdacCO-ViMGA0 aspa04aCo860.4 - A73c1 aClemencia Ardila J.10aCasas de ficción 1aBogotá, Colombia : Fondo Editorial Universidad EAFIT, 2000 avolumen atextbtxt2rdacontent aunmediatedbn2rdamedia avolumebnc2rdacarrier